Eurovision Song Contest 2025 - Semi-Final 2 Results - Statistics

General Stats
  • This quiz has been taken 65 times
  • The average score is 15 of 16
Answer Stats
Answer % Correct
Austria
100%
Australia
98%
Israel
96%
Denmark
93%
Latvia
93%
Lithuania
93%
Montenegro
91%
Czechia
89%
Finland
89%
Greece
89%
Malta
89%
Georgia
87%
Ireland
87%
Armenia
85%
Luxembourg
85%
Serbia
85%
No matching quizzes found
Score Distribution
Percent of People with Each Score
Percentile by Number Answered
Your Score History
You have not taken this quiz